书目信息 |
| 题名: |
城市群形成动力机制及综合竞争力提升研究
|
|
| 作者: | 李玉江 主编 | |
| 分册: | ||
| 出版信息: | 北京 科学出版社 2008.10 |
|
| 页数: | 290页 | |
| 开本: | 26cm | |
| 丛书名: | ||
| 单 册: | ||
| 中图分类: | F299.275.2 | |
| 科图分类: | ||
| 主题词: | 城市群--研究--山东省 , 城市群 | |
| 电子资源: | ||
| ISBN: | 978-7-03-022155-1 | |
| 000 | 01068nam0 2200253 450 | |
| 001 | 010800013175 | |
| 005 | 20091208153727.57 | |
| 010 | @a978-7-03-022155-1@dCNY58.00 | |
| 100 | @a20081217d2008 em y0chiy0110 ea | |
| 101 | 0 | @achi |
| 102 | @aCN@b110000 | |
| 105 | @aak z 000yy | |
| 106 | @ar | |
| 200 | 1 | @a城市群形成动力机制及综合竞争力提升研究@9cheng shi qun xing cheng dong li ji zhi ji zong he jing zheng li ti sheng yan jiu@e以山东半岛城市群为例@f李玉江主编 |
| 210 | @a北京@c科学出版社@d2008.10 | |
| 215 | @a290页@c图@d26cm | |
| 300 | @a山东省社会科学规划研究项目文丛·重点项目 山东省社会科学规划研究项目,山东省自然科学基金项目资助出版 | |
| 330 | @a本书运用经济地理学、区域经济学原理,在评估城市群形成动力机制与综合竞争力提升理论的基础上,探讨了山东半岛城市群城镇体系的动态演进过程,分析了山东半岛城市群城镇规模等级结构、职能结构、空间结构特征等。 | |
| 606 | 0 | @a城市群@x研究@y山东省 |
| 606 | 0 | @a城市群 |
| 690 | @aF299.275.2@v4 | |
| 701 | 0 | @a李玉江@9li yu jiang@4主编 |
| 801 | 0 | @aCN@bRENTIAN@c20091208 |
| 905 | @b20794854-58@dF299.275.2@e742@f5 | |
| 城市群形成动力机制及综合竞争力提升研究:以山东半岛城市群为例/李玉江主编.-北京:科学出版社,2008.10 |
| 290页:图;26cm |
| 山东省社会科学规划研究项目文丛·重点项目 山东省社会科学规划研究项目,山东省自然科学基金项目资助出版 |
| ISBN 978-7-03-022155-1:CNY58.00 |
| 本书运用经济地理学、区域经济学原理,在评估城市群形成动力机制与综合竞争力提升理论的基础上,探讨了山东半岛城市群城镇体系的动态演进过程,分析了山东半岛城市群城镇规模等级结构、职能结构、空间结构特征等。 |
| ● |
| 相关链接 |
|
|
|
|
正题名:城市群形成动力机制及综合竞争力提升研究
索取号:F299.275.2/742
 
预约/预借
| 序号 | 登录号 | 条形码 | 馆藏地/架位号 | 状态 | 备注 |
| 1 | 794854 | 207948541 | 第一样本阅览室/ [索取号:F299.275.2/742] | 在馆 | |
| 2 | 794855 | 207948550 | 第一借阅区/ [索取号:F299.275.2/742] | 在馆 | |
| 3 | 794856 | 207948569 | 第一借阅区/ [索取号:F299.275.2/742] | 在馆 | |
| 4 | 794857 | 207948578 | 第一借阅区/ [索取号:F299.275.2/742] | 在馆 | |
| 5 | 794858 | 207948587 | 密集书库-资源管理系/ [索取号:F299.275.2/742] | 在馆 |